000 00372nam a2200157Ia 4500
003 Ost
005 20260225132537.0
008 260225s9999||||xx |||||||||||||| ||und||
040 _cfsic
041 _afre
082 _a302.2
100 _aRonald b.adler -weil
_eAuteur
245 0 _aCommunication et intéractions /
245 0 _cRonald b.adler -weil
942 _cكتاب
999 _c33302
_d33302